Samālocanā samāhāra. (Record no. 71096)

MARC details
000 -LEADER
fixed length control field 00605cam a22002411 4500
001 - CONTROL NUMBER
control field sa 66007322
003 - CONTROL NUMBER IDENTIFIER
control field DLC
005 - DATE AND TIME OF LATEST TRANSACTION
control field 20260227112303.0
008 - FIXED-LENGTH DATA ELEMENTS--GENERAL INFORMATION
fixed length control field 941012s1965 ii 000 0 orio
010 ## - LIBRARY OF CONGRESS CONTROL NUMBER
LC control number sa 66007322
025 ## - OVERSEAS ACQUISITION NUMBER
Overseas acquisition number PL480:I-O-603
035 ## - SYSTEM CONTROL NUMBER
System control number (OCoLC)31273898
040 ## - CATALOGING SOURCE
Original cataloging agency DLC
Transcribing agency CU
Modifying agency CU
-- DLC
042 ## - AUTHENTICATION CODE
Authentication code premarc
050 00 - LIBRARY OF CONGRESS CALL NUMBER
Classification number PK2561
Item number .S9
100 1# - MAIN ENTRY--PERSONAL NAME
Personal name Swain, Pitamber,
Dates associated with a name 1937-
245 10 - TITLE STATEMENT
Title Samālocanā samāhāra.
260 ## - PUBLICATION, DISTRIBUTION, ETC.
Date of publication, distribution, etc. [1965]
300 ## - PHYSICAL DESCRIPTION
Extent 138 p.
Dimensions 19 cm.
500 ## - GENERAL NOTE
General note In Oriya.
650 #0 - SUBJECT ADDED ENTRY--TOPICAL TERM
Topical term or geographic name entry element Oriya philology.
700 1# - ADDED ENTRY--PERSONAL NAME
Personal name Bhañja, Subarṇṇarekhā,
Dates associated with a name 1939-1965.

No items available.

Powered by Koha